Florilegii Magni, Seu Polyantheae : Formatus Concinnatusque Ex Quinquaginta minimum Auctoribus vetustis, Graecis, Latinis, Sacris, Profanis, Quorum Tamen Nullus Fere Comparet In Tomo Primo Ideoque non solum novitate sua omnibus paßim ordinibus, Ecclesiasticis, Politicis, Scholasticis futurus jucundißimus: Sed & summè utilis & necessarius, pace, bello, tam Tyronibus quam Veteranis: non modò Apollinis atque Minervae, sed & Martis & Bellonae: Utpote complexus libros omnes Graecos Latinosque hactenus editos, de re militari. Acceßere et heic quoque nova Apophthegmata, Emblemata, Mythologica, item XXV Monostichorum Latinorum millia; totidem redolentia Definitiones, Sententias, Dogmata, Similitudines, Proverbia, Exempla, etc. decerpta penè ad verbum ex literati orbis Scriptoribus claßicis. Elenchus titulorum totius Operis Epistolae adjunctus. Tomvs Secvndvs ; Parte Secvnda /

Hlavní autor: Gruterus, Janus, 1560-1627
Jazyk: Latina
Vydáno: Argentorati : Sumptibus Haeredum Lazari Zetzneri, 1624
Témata:
Externí odkaz: Digitalizovaný dokument (exemplář Bayerische Staatsbibliothek, sign. 999/2Lat.rec.29)
Fyzický popis: [8], 994 [spr. 990], [1] s. ; 2°
Knihy
Uloženo v:
LEADER 02529nam a2200373 a 4500
001 mzk03001041278
003 CZ BrMZK
005 20181022175313.0
007 ta
008 061129s1624 fr fr|||||00| ||latod
040 |a BOA001  |b cze 
072 7 |a 094  |x Staré tisky  |2 Konspekt  |9 12 
080 |a (0.068)094  |2 MRF 
100 1 |a Gruterus, Janus,  |d 1560-1627  |7 mzk2003198574  |4 aut 
245 1 0 |a Florilegii Magni, Seu Polyantheae :  |b Formatus Concinnatusque Ex Quinquaginta minimum Auctoribus vetustis, Graecis, Latinis, Sacris, Profanis, Quorum Tamen Nullus Fere Comparet In Tomo Primo Ideoque non solum novitate sua omnibus paßim ordinibus, Ecclesiasticis, Politicis, Scholasticis futurus jucundißimus: Sed & summè utilis & necessarius, pace, bello, tam Tyronibus quam Veteranis: non modò Apollinis atque Minervae, sed & Martis & Bellonae: Utpote complexus libros omnes Graecos Latinosque hactenus editos, de re militari. Acceßere et heic quoque nova Apophthegmata, Emblemata, Mythologica, item XXV Monostichorum Latinorum millia; totidem redolentia Definitiones, Sententias, Dogmata, Similitudines, Proverbia, Exempla, etc. decerpta penè ad verbum ex literati orbis Scriptoribus claßicis. Elenchus titulorum totius Operis Epistolae adjunctus.  |n Tomvs Secvndvs ; Parte Secvnda /  |c Jani Gruteri 
260 |a Argentorati :  |b Sumptibus Haeredum Lazari Zetzneri,  |c 1624 
300 |a [8], 994 [spr. 990], [1] s. ;  |c 2° 
500 |a Výzdoba: Signet nad impresem i v závěru (Scientia Immutabilis), iniciály, viněta, text tištěn dvousloupcově 
510 4 |a VD17,  |c 23:000504W  |u http://gso.gbv.de/DB=1.28/CMD?ACT=SRCHA&IKT=8002&TRM='23:000504W' 
561 |a Provenience: Loci Capucinorum Znoymae 1643 
561 |a Provenience: [exlibris] Loci Capucinorum Znoymae 
563 |a Původní vazba, dřevěné desky, vepřovice se slepotiskem, mosazné spony (iniciály L.H.), hřbet natřen šedou barvou 
590 |a Chyba v paginaci, chybí strany 981-984 
655 7 |a staré tisky  |7 fd422076  |2 czenas 
856 4 2 |u http://mdz-nbn-resolving.de/urn:nbn:de:bvb:12-bsb11057453-6  |y Digitalizovaný dokument  |z exemplář Bayerische Staatsbibliothek, sign. 999/2Lat.rec.29 
903 |a RP 
910 |a BOA001  |b ZK-0000.214,2/2 
978 |b Zetzner, Lazarus - dědici  |a Strasbourg  |c 1624 
984 |a Štrasburk  |b Francie 
985 |a 1601-1650 
990 |a BK 
993 |a Y 
991 |k mzk 
996 6 |b 2610435280  |c ZK-0000.214,2/2  |l stud. ST  |r Sklad / do násl. otevíracího dne  |n 0  |h H.I.26  |w 001074713  |x 9  |u 000010  |a 1  |e BOA001  |s P